Welcome to CU Library Online Public Access Catalogue (OPAC)

Original sin : (Record no. 6328)

MARC details
000 -LEADER
fixed length control field 00712pam a2200205 a 4500
001 - CONTROL NUMBER
control field 3734357
005 - DATE AND TIME OF LATEST TRANSACTION
control field 20250605180232.0
008 - FIXED-LENGTH DATA ELEMENTS--GENERAL INFORMATION
fixed length control field 810817r19811975dcu b 000 0 eng
020 ## - INTERNATIONAL STANDARD BOOK NUMBER
International Standard Book Number 0819118494 :
Terms of availability $24.00
020 ## - INTERNATIONAL STANDARD BOOK NUMBER
International Standard Book Number 0819118508 (pbk.) :
Terms of availability $13.25
050 00 - LIBRARY OF CONGRESS CALL NUMBER
Classification number BT720
Item number .V3 1981
082 00 - DEWEY DECIMAL CLASSIFICATION NUMBER
Classification number 233/.14
Edition information 19
100 1# - MAIN ENTRY--PERSONAL NAME
Personal name Vandervelde, George.
245 10 - TITLE STATEMENT
Title Original sin :
Remainder of title two major trends in contemporary Roman Catholic reinterpretation /
Statement of responsibility, etc. George Vandervelde.
260 ## - PUBLICATION, DISTRIBUTION, ETC.
Place of publication, distribution, etc. Washington, D.C. :
Name of publisher, distributor, etc. University Press of America,
Date of publication, distribution, etc. c1981.
300 ## - PHYSICAL DESCRIPTION
Extent 350 p. ;
Dimensions 24 cm.
500 ## - GENERAL NOTE
General note Reprint. Originally published: Amsterdam : Rodopi, 1975.
650 #0 - SUBJECT ADDED ENTRY--TOPICAL TERM
Topical term or geographic name entry element Sin, Original
General subdivision History of doctrines.
942 ## - ADDED ENTRY ELEMENTS (KOHA)
Source of classification or shelving scheme Library of Congress Classification
Koha item type Books
Suppress in OPAC No
999 ## -
-- 6328
-- 6328
Holdings
Withdrawn status Lost status Source of classification or shelving scheme Damaged status Not for loan Collection Home library Current library Shelving location Date acquired Total checkouts Full call number Barcode Date last seen Copy number Price effective from Koha item type
    Library of Congress Classification     Non-fiction Undergraduate Library (Christ Temple) Undergraduate Library (Christ Temple) General stacks 06/05/2025   BT 720 VAN ulct00003077 06/05/2025 1 06/05/2025 Books
© 2023-2024 Copyright: Central University Libraries. All Rights Reserved | Created by: Mahone Tech Office